[Event "Politiken Cup 18th"]
[Site "Copenhagen"]
[Date "1996.??.??"]
[Round "5"]
[White "Mortensen, Erling"]
[Black "Hansen, Curt"]
[Result "0-1"]
[WhiteElo "2430"]
[BlackElo "2615"]
[Annotator "Cifuentes Parada,L"]
[PlyCount "180"]
[EventDate "1996.06.??"]
[EventType "swiss"]
[EventRounds "11"]
[EventCountry "DEN"]
[SourceTitle "CBM 054"]
[Source "ChessBase"]
[SourceDate "1996.10.01"]
[SourceVersion "1"]
[SourceVersionDate "1996.10.01"]
[SourceQuality "1"]

1. e4 c5 2. Nf3 d6 3. d4 cxd4 4. Nxd4 Nf6 5. Nc3 a6 6. Be2 e6 7. O-O Nbd7 8. f4
b5 9. Bf3 Bb7 10. e5 Bxf3 11. Nxf3 Ng4 12. Qe2 b4 13. Ne4 d5 14. Neg5 Qb6+ 15.
Kh1 h6 16. Nh3 Rc8 17. a3 bxa3 18. b3 g6 19. Nf2 Nxf2+ 20. Qxf2 Bc5 21. Qe2 h5
22. Bxa3 O-O 23. Bxc5 Nxc5 24. g4 hxg4 25. Ng5 Ne4 26. Nxe4 dxe4 27. Qxe4 Rc3
28. Rad1 Rd8 29. Qg2 Kg7 30. Qxg4 Rxc2 31. Qg5 Qb7+ 32. Kg1 Qa7+ 33. Kh1 Qa8+
34. Kg1 Qa7+ 35. Kh1 Qb7+ 36. Kg1 Qb6+ 37. Kh1 Qc6+ 38. Kg1 Qc5+ 39. Kh1 Qc6+
40. Kg1 Rdd2 41. Rxd2 Rxd2 42. Qg3 Qd5 43. Qf3 Qd4+ 44. Kh1 Rd3 45. Qb7 a5 46.
Kg2 Rd2+ 47. Kg3 Qd3+ 48. Qf3 Qc2 49. Re1 Rxh2 50. Rc1 Qxc1 51. Kxh2 Qd2+ 52.
Kh3 Qd4 53. Kg4 Qb2 54. Kh3 Qc2 55. Qe3 Qd1 56. Kg3 Qc2 57. Kh3 Qb2 58. Kg3 Qb1
59. Qc3 Qg1+ 60. Kf3 Qf1+ 61. Kg3 Qb5 62. Qe3 Qd5 63. Kf2 Qh1 64. Kg3 Qb1 65.
Qc3 Kh6 66. Qxa5 Qxb3+ 67. Kf2 Qd3 68. Qc7 Qf5 69. Ke3 Kh5 70. Qd8 g5 71. Qh8+
Kg4 72. fxg5 Qxg5+ 73. Ke4 Qh5 74. Qb8 Qf5+ 75. Ke3 Qf4+ 76. Kd3 Kf5 77. Qc7
Qe4+ 78. Kd2 Qd5+ 79. Kc2 Qg2+ (79... Qxe5 80. Qxf7+ $10) 80. Kb3 Qf3+ 81. Kb2
Qe2+ 82. Kb1 $4 (82. Kc1 $1 Qxe5 83. Qxf7+ $10) (82. Kb3 $2 Qxe5 83. Qxf7+ Kg4
$1 {and Black wins in 95 moves}) 82... Qxe5 83. Qxf7+ Ke4 $19 84. Qf1 {In a
QP-Q-ending with a rook or knight pawn, the weaker side has drawing chances by
moving his king to the corner which is most remote from the pawn's promotion
square. As we explain in an article to be published in Schakend Nederland,
against a bishop or (like here) a centre pawn this strategy does not work, and
the weaker side's most important drawing chance is putting his king in front
of the pawn. That is the reason why 82 Kb1 was a blunder and why here 84 Kc2 
(84 Kc1?! Qf4+) would be more stubborn, after which Black can win only by very
careful play, gradually pushing White's king away from the d-file. An example:}
(84. Kc2 Qf5 85. Qg8 Ke3+ 86. Kc1 Qc5+ 87. Kd1 Qd5+ 88. Kc1 Qh1+ 89. Kb2 Qh3
90. Qg5+ Ke2 $1 91. Qb5+ Kf2 92. Qe5 Qe3 $1 93. Qh2+ Ke1 94. Qh1+ Kd2 95. Qc1+
Ke2) 84... Qc3 $2 {Only the ambush 84...Qf5! wins - in 66 moves.} 85. Qe2+ Qe3
86. Qg4+ Kd3 87. Qg6+ $2 (87. Qd1+ {was the only drawing move; 87 Qg8 would
have lost in 59 moves, whereas the text move loses particularly quick.}) 87...
Qe4 $1 {Winning in 6 moves only! Black does not need to embark upon a lengthy
process of pushing his pawn, but can exchange queens by force as indicated
below. Long combinations leading up to the exchange of queens are a quite
frequent phenomenon in Qp-Q-endings. The longest combination of this sort (As
far as we know) occurs in the position Ke4, Qa8, Pa3 vs. Kg2, Qe1, whre
strategically spoken Black's king is optimally placed (in the corner around h1)
, but White can strike tactically by 1 Kf4+! Kh2 2 Qh8+! Kg2 3 Qg8+ Kh2 4 Qh7+
Kg1 5 Qg6+ Kh2 (continuously Black must avoid the exchange of queens at e4, e3
or g3) 6 Qh5+ Kg1 7 Qc5+ Kh1 8 Qd5+ Kg1 9 Qd4+ Kh2 10 Qe5 (a first ambush) 10..
.Qd1 (10...Qg3+ 11 Ke4! Kh1 - a stalemate trick - 12 Qh5+ etc.) 11 Ke3+! (not
11 Kg5+? Kg2! 12 Qe4+ Qf3! and the pawn ending is drawn) 11...Kh1 12 Qe4+ Kg1
13 Qd4 (another ambush) 13...Qh5 (she must keep protecting squares like f3 and
e2, but now the whole position has been mirrored in the diagonal a8-h1, apart
from Pa3, and now the mirror image of 11 Kg5 wins) 14 Kd2+ Kg2 15 Qe4+! Kg3 16
Qe1+ Kf4 17 Qe3+ exchanging queens.} 88. Qg3+ (88. Qe8 Kc3+ 89. Ka1 Qh1+ 90.
Ka2 Qh2+ $19) (88. Qg7 Kd2+ 89. Ka1 Qa4+ 90. Kb2 Qc2+ $19) (88. Qf6 Qb4+ 89.
Ka2 Qc4+ 90. Kb1 Qc2+ $19) 88... Kd2+ 89. Ka1 (89. Ka2 Qc2+) (89. Kb2 Qc2+)
89... Qe1+ 90. Qxe1+ Kxe1 0-1

[Event "Rubinstein Memorial 32nd"]
[Site "Polanica Zdroj"]
[Date "1995.??.??"]
[Round "1"]
[White "Tiviakov, Sergei"]
[Black "Wojtkiewicz, Aleksander"]
[Result "1-0"]
[WhiteElo "2655"]
[BlackElo "2570"]
[Annotator "Dolmatov,S"]
[PlyCount "79"]
[EventDate "1995.08.??"]
[EventType "tourn"]
[EventRounds "11"]
[EventCountry "POL"]
[EventCategory "14"]
[SourceTitle "CBM 049"]
[Source "ChessBase"]
[SourceDate "1995.12.01"]
[SourceVersion "1"]
[SourceVersionDate "1995.12.01"]
[SourceQuality "1"]

1. e4 c5 2. Nf3 d6 3. d4 cxd4 4. Nxd4 Nf6 5. Nc3 a6 6. Be3 e6 7. Be2 Qc7 8. a4
b6 $6 (8... Nc6) 9. f4 Bb7 10. Bf3 Nbd7 11. Qe2 h5 $6 (11... Be7 12. O-O O-O
13. g4 Nc5 14. Qg2 $40 d5 15. exd5 Nxd5 16. Nxd5 exd5) 12. O-O Be7 13. Bf2 Rc8
14. Rae1 g6 (14... Qc4 $2 15. Qxc4 Rxc4 16. e5 $16) 15. e5 dxe5 16. Bxb7 (16.
fxe5 $2 Bxf3 17. Nxf3 Ng4 $132) 16... Qxb7 17. fxe5 Ng4 18. Bg3 Nh6 $2 (18...
Bc5 19. Rd1 b5 20. Ne4) (18... b5 $5 19. axb5 Bc5 20. Rd1 Qb6 $132) 19. Ne4 Nf5
20. Nxf5 gxf5 21. Nd6+ $16 Bxd6 22. exd6 Qd5 (22... Rc5 $2 23. b4) 23. Qxa6
Rxc2 24. Rf2 Qc4 (24... Rxf2 $2 25. Qc8#) 25. Qa7 Rc1 (25... Rxf2 $2 26. Qa8+)
26. Rff1 Rc2 27. Qa8+ Qc8 28. Qxc8+ Rxc8 29. Rxf5 $18 Nc5 30. Bf2 Rc6 (30...
Nd3 31. Rd5 Nxe1 32. d7+ Ke7 33. dxc8=Q Rxc8 34. Rxh5 (34. Rd1 Nc2 35. Bxb6 $16
) 34... Rc1 35. Bxe1 Rxe1+ 36. Kf2 Rb1 37. Rb5 $16) 31. Bd4 Rh7 32. Rg5 Kd7 (
32... Nxa4 33. Ra1 Nc5 34. Ra7 $18) 33. a5 $1 Kxd6 34. b4 Nd3 35. Rd1 Rc1 (
35... Nxb4 36. Bc5+ $18) 36. Rxc1 Nxc1 37. Bxb6 $18 f6 38. Rg8 Ne2+ 39. Kf2 Nf4
40. a6 1-0

[Event "YUG-chT"]
[Site "Tivat"]
[Date "1995.??.??"]
[Round "5"]
[White "Nevednichy, Vladislav"]
[Black "Shneider, Aleksandr"]
[Result "1-0"]
[WhiteElo "2480"]
[BlackElo "2530"]
[Annotator "Dolmatov,S"]
[PlyCount "101"]
[EventDate "1995.??.??"]
[EventType "team-swiss"]
[EventRounds "11"]
[EventCountry "YUG"]
[SourceTitle "CBM 048 Extra"]
[Source "ChessBase"]
[SourceDate "1995.11.01"]
[SourceVersion "1"]
[SourceVersionDate "1995.11.01"]
[SourceQuality "1"]

1. e4 c5 2. Nf3 d6 3. d4 cxd4 4. Nxd4 Nf6 5. Nc3 a6 6. Be3 e6 7. Be2 Be7 8. f4
Qc7 9. g4 d5 10. e5 (10. exd5 Bb4 11. dxe6 Bxc3+ 12. bxc3 Qxc3+ 13. Kf2 fxe6
$15 {Zagrebelny,S-Khenkin,I/Belgorod/1989/}) 10... Ne4 (10... Nfd7 11. h4 $16)
11. Nxe4 dxe4 12. h4 (12. Qd2 $6 Bh4+ 13. Bf2 Bxf2+ 14. Kxf2 O-O 15. g5 $14)
12... Nd7 13. g5 $6 (13. Qd2 b5 14. a4 bxa4 15. Rxa4 Nb6 16. Qa5 Bd8 $13) (13.
c4 $5 Nc5 14. Qd2 $14) 13... b5 (13... h6 $2 14. g6 $16) 14. Qd2 Nb6 15. O-O-O
(15. h5 Nd5 16. O-O-O) 15... Nd5 16. h5 Bb4 (16... Bb7 17. g6 $40) 17. c3 Bc5
18. Kb1 Bb7 19. Rhf1 $6 (19. g6 Bxd4 (19... O-O-O $6 20. gxf7 Qxf7 21. Bg4 Rhe8
22. Nxe6 Bxe3 23. Nxd8+ $18) 20. gxf7+ (20. cxd4 hxg6 21. hxg6 Rxh1 22. Rxh1
fxg6 $10) (20. Bxd4 e3 $13) 20... Qxf7 21. Qxd4 O-O) 19... O-O-O 20. Bg1 g6 21.
Qc1 Ne7 22. c4 Bxd4 23. Bxd4 Nf5 24. Bg1 bxc4 $6 (24... Ng3 25. Rfe1 Nxe2 26.
Rxe2 Rxd1 27. Qxd1 Rd8 28. Qc1 e3 $10) 25. hxg6 hxg6 26. Bxc4 Rxd1 27. Rxd1 e3
28. Bd3 Rh1 $2 (28... Qxc1+ 29. Rxc1+ Kb8 30. Bxf5 exf5 31. Bxe3 Be4+ 32. Ka1
Rh1 $10) 29. Bxf5 gxf5 30. Qxe3 $16 Be4+ 31. Ka1 Kb8 32. Rc1 Qb7 33. Qc5 Rh8
34. g6 (34. Qd6+ Ka8 35. Bb6 Rh1) 34... fxg6 35. Qd6+ Ka8 36. Qxe6 Rb8 37. b3
Rd8 38. Qxg6 Rc8 39. Bc5 $1 Qb5 40. Qd6 Kb7 41. e6 $18 (41. Rc4 Qc6 42. Rb4+
Ka8 43. Qxc6+ Rxc6 44. Bd6 $18) 41... Qc6 42. Qxc6+ Rxc6 43. e7 Re6 44. Rd1 Bc6
45. Kb2 Re2+ 46. Kc3 Rxa2 47. Rd5 a5 48. Rxf5 a4 49. Rf8 Re2 50. bxa4 Bxa4 51.
f5 1-0

[Event "YUG-chT"]
[Site "Tivat"]
[Date "1995.??.??"]
[Round "2"]
[White "Pavlovic, Milos"]
[Black "Damljanovic, Branko"]
[Result "1-0"]
[WhiteElo "2470"]
[BlackElo "2555"]
[Annotator "Dolmatov,S"]
[PlyCount "71"]
[EventDate "1995.??.??"]
[EventType "team-swiss"]
[EventRounds "11"]
[EventCountry "YUG"]
[SourceTitle "CBM 048 Extra"]
[Source "ChessBase"]
[SourceDate "1995.11.01"]
[SourceVersion "1"]
[SourceVersionDate "1995.11.01"]
[SourceQuality "1"]

1. e4 c5 2. Nf3 e6 3. d4 cxd4 4. Nxd4 a6 5. Be2 Nf6 6. Nc3 d6 7. a4 Nc6 8. O-O
Be7 9. Kh1 e5 $6 (9... O-O) 10. Nb3 Be6 11. f4 Rc8 $6 (11... exf4 12. Bxf4 $14)
12. f5 Bd7 (12... Bxb3 13. cxb3 $16) 13. Bg5 Nb4 14. Bxf6 gxf6 (14... Bxf6 15.
Qxd6 Nxc2 16. Rac1 Ne3 17. Rf3 Nc4 18. Bxc4 Rxc4 19. Nd5 Rxc1+ 20. Nxc1 Be7 21.
Qxe5 $16) 15. Nd5 $1 $14 Nxd5 (15... Nxc2 16. Rc1 Nd4 17. Rxc8 Qxc8 18. Nxd4
exd4 19. Qxd4 $16) 16. exd5 Qb6 (16... Rg8 17. a5 $16) 17. a5 Qb4 18. c3 Qe4
19. c4 (19. Rf3 Rg8) 19... Rg8 (19... Bxf5 $2 20. Rxf5 Qxf5 21. Bg4 $18) 20.
Rf3 Bxf5 21. Nd2 (21. Bd3 $2 Qg4 22. Qd2 (22. Rg3 Qxd1+ 23. Rxd1 Rxg3 24. Bxf5
Rxb3 $17) 22... Bxd3 23. Rg3 Qxg3 $17) 21... Qc2 (21... Qg4 $2 22. Rg3 $18) 22.
Qe1 Bg6 (22... Bd7 23. Ra2 $3 {/\Bd3+-} Qg6 24. Rg3 $18) (22... Be4 23. Rf2 Bg6
) 23. b4 (23. Ra2 $5 {/\ 24.Bd1 Qc1 25.Rc3 +-} Be4 $8 24. Rf2 (24. Bd1 $2 Bxf3
25. Bxc2 Bxg2+ 26. Kg1 Be4+ 27. Kf2 Bxc2 $17) 24... Bg6) 23... e4 $2 (23... Be4
$5) 24. Rb3 {/\ Rc1} e3 $8 25. Rxe3 Rc7 26. Nf3 Kf8 27. Nd4 $18 Qb2 28. Rd1 Qa2
29. Bf1 f5 30. c5 dxc5 31. bxc5 (31. d6 $6 Bxd6 (31... cxd4 32. dxe7+ Ke8 33.
Rxd4 $18) 32. Nxf5 Bxf5 33. Rxd6) 31... Qxd5 (31... Bxc5 32. Re8+ Kg7 33. Qe5+
$18) 32. Ne6+ fxe6 33. Rxd5 exd5 34. Re5 d4 35. Rd5 Rxc5 36. Rxd4 1-0

[Event "Capablanca Memorial-A"]
[Site "Matanzas"]
[Date "1994.??.??"]
[Round "1"]
[White "Hernandez Guerrero, Gilberto Eduardo"]
[Black "Van Wely, Loek"]
[Result "0-1"]
[WhiteElo "2485"]
[BlackElo "2570"]
[Annotator "Donev,I"]
[PlyCount "82"]
[EventDate "1994.??.??"]
[EventType "tourn"]
[EventRounds "11"]
[EventCountry "CUB"]
[EventCategory "10"]
[SourceTitle "CBM 043"]
[Source "ChessBase"]
[SourceDate "1994.12.01"]
[SourceVersion "1"]
[SourceVersionDate "1994.12.01"]
[SourceQuality "1"]

1. e4 c5 2. Nf3 d6 3. d4 cxd4 4. Nxd4 Nf6 5. Nc3 a6 6. Be2 e6 7. O-O Be7 8. f4
O-O 9. a4 Qc7 10. Kh1 b6 11. Bf3 (11. e5 dxe5 12. fxe5 Qxe5 13. Bf4 Qc5 14. Bf3
e5 15. Bxa8 exf4 16. Ne4 $1 Nxe4 17. Bxe4 Rd8 18. c3 $16) 11... Bb7 12. e5 dxe5
13. fxe5 Nfd7 14. Bxb7 Qxb7 15. Bf4 Nc6 (15... Bc5 $5 16. Nf3 Nc6 17. Ne4 Rfd8
18. Bg5 $13) 16. Qf3 Rac8 17. Rad1 Nc5 (17... Rc7 18. Nxc6 Rxc6 19. Ne4 $36)
18. Nxc6 (18. Qg4 $5 Nxd4 19. Bh6 $1 Nf5 20. Rxf5 g6 21. Rf3 (21. Rf4 $5) 21...
f5 22. exf6 $16 {Donev,I-Genov,P Teteven(op)1988} (22. exf6 Rxf6 23. b4 Nd7 24.
Rxf6 Nxf6 25. Qxe6+ Kh8 26. Qf7 $18)) 18... Qxc6 (18... Rxc6 19. b4 {Gewinnt
das Feld e4 für weisse Springer.} Nd7 20. Ne4 Qc8 (20... Bxb4 21. Bh6 $1 (21.
Rxd7 $6 Qxd7 22. Nf6+ gxf6 23. Bh6 Bd2 $3 $10) 21... Nxe5 (21... f5 22. exf6
Nxf6 23. Nxf6+ Rxf6 24. Rd8+ Kf7 25. Qh5+ g6 26. Rxf6+ Ke7 27. Qg5 $18) (21...
Kh8 22. Bxg7+ Kxg7 23. Nf6 Nxf6 24. Qxf6+ Kg8 25. Rf4 $18) 22. Nf6+ Kh8 23.
Bxg7+ Kxg7 24. Qh5 h6 25. Qxe5 $16) (20... Qc7 $2 21. Nf6+ $1 $40) 21. Qg3 Kh8
(21... f5 22. exf6 Nxf6 23. Be5 $36) 22. Qd3 $40 Rd8 (22... Rc7 23. Rf3 Bxb4
24. Rh3 $1 $40) (22... Nb8 23. Bg5 Bxb4 24. Nf6 $1 $40) 23. Ng5 Bxg5 24. Bxg5
Rc3 25. Qd6 Rc6 26. Qe7 $18) 19. Qxc6 Rxc6 20. b4 Nb7 (20... Nb3 21. Rf3 $1 (
21. Rd3 $6 Nd4 $10 (21... Rd8 $5)) 21... Rfc8 22. Ne4 Rxc2 (22... Rc4 23. Nd6
Bxd6 24. cxb3 $1 Rxf4 25. Rxf4 Bxe5 26. Rc4 $16) 23. Rxb3 R8c4 24. Bg5 Bf8 25.
Ng3 $16) 21. Rd7 Rxc3 (21... Bxb4 $2 22. Na2 Nc5 23. Nxb4 $18) 22. Rxb7 $6 (22.
Rxe7 $142 Nd8 23. b5 axb5 24. axb5 Rxc2 25. Rd1 Rc5 26. Red7 Rd5 27. Be3 Rxd1+
28. Rxd1 f5 29. Bxb6 $16) 22... Bd8 23. Rd1 Rxc2 24. Be3 Rc4 25. a5 bxa5 26.
Bc5 Re8 27. Rb8 h5 28. Rbxd8 Rxd8 29. Rxd8+ Kh7 30. h3 (30. Bg1 axb4 31. Rd6 a5
(31... Re4 32. Rxa6 Rxe5 33. Rb6 Re4 34. h3 Rc4 (34... Kg6 35. Bc5 $16) 35. Be3
Kg6 36. Bd2 $16) 32. Ra6 Kg6 33. Rxa5 $14) 30... axb4 $15 31. Bd6 a5 32. Rb8
Rc3 33. Kh2 (33. Rb5 $142 b3 34. Ba3 a4 35. Rb4 Re3 36. Rxa4 Rxe5 $10) 33... b3
34. Ra8 $2 (34. Ba3) 34... Rc1 35. Rb8 (35. Ba3 Ra1 36. Bb2 Ra2 37. Bd4 a4 38.
Rb8 h4 $19) 35... a4 $19 36. Kg3 Rc2 37. Kh4 (37. Ba3 $142) 37... Kh6 38. Rh8+
Kg6 39. g3 (39. Kg3 b2 40. Rb8 Rc3+ 41. Kf2 Rb3 $19) 39... Rc4+ 40. g4 hxg4 41.
hxg4 Rb4 $3 0-1

[Event "Kurgan"]
[Site "Kurgan"]
[Date "1994.??.??"]
[Round "4"]
[White "Tseshkovsky, Vitaly"]
[Black "Predein, Vladimir"]
[Result "1-0"]
[WhiteElo "2515"]
[BlackElo "2360"]
[Annotator "Donev,I"]
[PlyCount "59"]
[EventDate "1994.??.??"]
[EventType "tourn"]
[EventRounds "11"]
[EventCountry "RUS"]
[EventCategory "8"]
[SourceTitle "CBM 043"]
[Source "ChessBase"]
[SourceDate "1994.12.01"]
[SourceVersion "1"]
[SourceVersionDate "1994.12.01"]
[SourceQuality "1"]

1. e4 c5 2. Nf3 d6 3. d4 cxd4 4. Nxd4 Nf6 5. Nc3 a6 6. Be2 e6 7. O-O Nbd7 8. a4
b6 9. f4 Bb7 10. Bf3 Qc7 11. Re1 $146 (11. Qe2 e5 12. Nb3 Be7 13. g4 Nc5 14.
Nxc5 Qxc5+ 15. Be3 Qc7 16. g5 Nd7 17. f5 $36) (11. g4 h6 12. Qe2 e5 13. Nd5 $1
Qb8 (13... Qc5 $2 14. b4 $1 Qxd4+ 15. Be3 Qb2 16. Rfb1 $16) (13... Bxd5 14.
exd5 Qc5 15. Rd1 (15. Be3 e4 16. g5 $1 $14) 15... Be7 16. fxe5 dxe5 17. d6 $14)
14. Nb3 Nxd5 15. exd5 Be7 16. Be3 $14) 11... e5 (11... Rc8 $5 12. f5 e5 13. Nb3
Be7 $10) 12. Nd5 Nxd5 (12... Qc5 13. b4 (13. Be3 $1 exd4 14. Bxd4 Qc8 (14...
Qc4 15. b3 Qc8 16. Nxb6 Nxb6 17. Bxb6 Be7 18. c4 $44) 15. Nxb6 Nxb6 16. Bxb6
Be7 17. e5 $44) (13. fxe5 dxe5 $17) 13... Qxd4+ 14. Qxd4 exd4 15. Nc7+ Kd8 16.
Nxa8 Bxa8 17. Bb2 d5 $15) 13. exd5 g6 (13... Be7 14. Nc6 Bxc6 15. dxc6 Nc5 16.
b4 Ne6 17. fxe5 dxe5 18. Qd7+ $14) 14. Ra3 $1 Bg7 15. Rc3 Nc5 (15... Qd8 16.
fxe5 dxe5 17. Nc6 $1 $14) 16. fxe5 dxe5 17. b4 O-O 18. d6 $1 {Hinlenkung} Qxd6
19. bxc5 Qxd4+ 20. Qxd4 exd4 21. c6 $1 {Die Poante} (21. Bxb7 dxc3 (21... Rab8
22. Rb3 Rxb7 23. cxb6 $16) 22. Bxa8 Rxa8 23. cxb6 Bd4+ 24. Be3 Re8 25. Kf2 Rxe3
26. Rxe3 Bxb6 27. Ke2 Bxe3 28. Kxe3 f5 29. Kd3 $16) 21... dxc3 22. cxb7 Rad8 (
22... Rae8 $2 23. Rxe8 Rxe8 24. Bf4 b5 25. Bc6 Bd4+ 26. Kf1 Rd8 27. b8=Q (27.
axb5 Ba7 28. bxa6 $16) 27... Rxb8 28. Bxb8 $18) 23. Bf4 b5 24. axb5 axb5 25.
Kf1 b4 26. Rb1 Bd4 27. Rxb4 Ba7 28. Ra4 (28. Rb3 $142 {Gewinnt ein tempo} Bb8
29. Bxb8 Rxb8 30. Rxc3 $16) 28... Bb8 29. Bxb8 Rxb8 30. Rc4 (30. Rc4 Rfe8 31.
Rxc3 Kg7 32. Rb3 $16 (32. Rc7 Kf6 33. c4 Re7 34. Rxe7 Kxe7 35. c5 $14)) 1-0

[Event "Ptuj zt"]
[Site "Ptuj"]
[Date "1995.??.??"]
[Round "13"]
[White "Stanec, Nikolaus"]
[Black "Atlas, Valeri"]
[Result "1/2-1/2"]
[WhiteElo "2465"]
[BlackElo "2450"]
[Annotator "Donev,I"]
[PlyCount "85"]
[EventDate "1995.04.??"]
[EventType "tourn"]
[EventRounds "15"]
[EventCountry "SLO"]
[EventCategory "10"]
[SourceTitle "CBM 047"]
[Source "ChessBase"]
[SourceDate "1995.08.01"]
[SourceVersion "1"]
[SourceVersionDate "1995.08.01"]
[SourceQuality "1"]

1. e4 c5 2. Nf3 e6 3. d4 cxd4 4. Nxd4 Nf6 5. Nc3 d6 6. Be2 a6 7. f4 Qc7 8. O-O
Be7 9. Be3 O-O 10. Qe1 b5 11. a3 Bb7 12. Bf3 Nbd7 13. Qg3 Nc5 14. e5 dxe5 (
14... Nfe4 15. Nxe4 Nxe4 16. Bxe4 Bxe4 17. c3 (17. f5 exf5 18. Bh6 g6 19. Nxf5
Bxf5 20. Rxf5 Qc5+ $13 (20... dxe5 21. Bxf8 Rxf8 $44)) 17... Kh8 18. Rae1 Qd7
$10) 15. fxe5 (15. Bxb7 $2 exf4 16. Bxf4 Qxb7 $17) 15... Nfe4 16. Bxe4 Nxe4 (
16... Bxe4 $2 17. b4 $18) 17. Nxe4 Bxe4 18. c3 Bg6 $15 19. h4 (19. Rad1 Rfd8
20. Bg5 Bxg5 21. Qxg5 Rd5 $15) 19... Bc5 20. Qf4 {/\g4} h5 (20... h6 $5) 21.
Rf2 Rfd8 22. Re1 Rd5 23. Nf3 Rad8 (23... Bxe3 $1 24. Qxe3 (24. Rxe3 Qc4) 24...
Rad8 25. Nd4 (25. Qf4 a5 26. Kh2) 25... a5 $15 {/\b4}) 24. Bd4 a5 25. g4 b4 (
25... hxg4 26. Qxg4 Bf5 27. Qg3 Bf8 $17 {/\b4}) 26. axb4 (26. Bxc5 Qxc5 27.
axb4 axb4 28. cxb4 Qb6 $17) 26... axb4 27. Rg2 bxc3 28. bxc3 Bf8 29. Kh2 Qc4
30. gxh5 (30. Reg1 $5) 30... Bxh5 $17 31. Nd2 Qd3 32. Ne4 Bg6 33. h5 Bxe4 34.
Rxe4 (34. Qxe4 Qxe4 35. Rxe4 Kh7 $17) 34... R8d7 35. Re3 (35. h6 g6 36. Re3 Qb1
(36... Qf5 37. Qxf5 exf5 38. e6 $1 fxe6 39. Rxg6+ Kh7 40. Rexe6 $10) 37. Rh3
Kh7 $15) 35... Qf5 (35... Qh7 $5 36. Reg3 Kh8 37. h6) 36. Qxf5 exf5 37. h6 (37.
Rf3 Ba3 38. Rxf5 Bc1 $14) 37... Rxd4 (37... g6 38. e6 $14) 38. cxd4 Rxd4 39.
hxg7 $2 (39. Rh3 $1 g6 (39... Re4 40. h7+ Kh8 41. Ra2) 40. h7+ Kh8 41. Ra2 Rd8
42. Ra7 Bg7 43. Re7 $16) 39... Bxg7 40. Reg3 Rh4+ 41. Kg1 Rg4 42. Rxg4 fxg4 43.
Rxg4 (43. Rxg4 Kf8 44. Re4 (44. Rg5 f6 $10) 44... Ke7 45. Kf2 Ke6 $10) 1/2-1/2

[Event "New York MCC"]
[Site "New York"]
[Date "1994.??.??"]
[Round "10"]
[White "Fedorowicz, John P"]
[Black "Gurevich, Ilya"]
[Result "1/2-1/2"]
[WhiteElo "2520"]
[BlackElo "2585"]
[Annotator "Donev,I"]
[PlyCount "44"]
[EventDate "1994.02.??"]
[EventType "tourn"]
[EventRounds "11"]
[EventCountry "USA"]
[EventCategory "9"]
[SourceTitle "CBM 043"]
[Source "ChessBase"]
[SourceDate "1994.12.01"]
[SourceVersion "1"]
[SourceVersionDate "1994.12.01"]
[SourceQuality "1"]

1. e4 c5 2. Nf3 e6 3. d4 cxd4 4. Nxd4 Nc6 5. Nc3 Qc7 6. Be2 a6 7. O-O Nf6 8.
Kh1 Be7 9. f4 d6 10. Be3 O-O 11. Bf3 Bd7 12. a4 Nxd4 13. Bxd4 $6 (13. Qxd4 Bc6
(13... e5 14. Qd3 b5 15. fxe5 dxe5 16. axb5 axb5 17. Nxb5 (17. Nd5 $5) 17...
Bxb5 18. Qxb5 Rxa1 19. Rxa1 Rb8 20. Qd3 Rxb2 $13) 14. a5 $1 (14. Qb6 Qxb6 15.
Bxb6 Nd7 16. Bd4 b5 17. axb5 axb5 $10) (14. f5 b5 15. axb5 axb5 16. fxe6 fxe6
17. Qd3 Qb7 $1 $10) 14... e5 15. Qc4 Rac8 16. Rfd1 exf4 17. Bxf4 $14) 13... Bc6
(13... e5 14. Be3 exf4 15. Bxf4 Bc6 16. Nd5 Bxd5 17. exd5 Nd7 18. a5 Bf6 $10)
14. a5 (14. e5 dxe5 15. Bxe5 Qb6 16. a5 $1 Qxb2 $2 (16... Qc5 $10) 17. Nd5 $1
$18) 14... Rac8 15. Qe1 (15. e5 Bxf3 16. Qxf3 Nd7 17. exd6 Bxd6 18. Qg4 (18.
Ne4 Bb4 (18... Bxf4 19. Qxf4 Qxf4 20. Rxf4 e5 21. Bxe5 Nxe5 22. Rf2 $10 (22.
Nc3 Nc4 $15)) 19. Qg3 f6 20. Qb3 Qc4 $13) 18... e5 19. fxe5 Nxe5 20. Qh3 $10)
15... e5 $1 $10 16. Bb6 Qb8 17. Qe3 $6 (17. Qg3 $142 Nd7 (17... exf4 18. Qxf4
Nd7 19. Bd4 Ne5 $14) 18. Be3 exf4 19. Bxf4 Ne5 20. Bh5 $14) 17... Nd7 18. Bg4 (
18. f5 $5) 18... Nxb6 19. axb6 $15 (19. Qxb6 Rcd8 20. Qb3 exf4 21. Rxf4 d5 (
21... Bf6 22. Rxf6 gxf6 23. Bf5 $1 $44) 22. Raf1 $132) 19... exf4 20. Qxf4 Rce8
21. Qg3 (21. Nd5 $142) 21... Qd8 22. Qe3 Bf6 $17 {Schwarz stehet klar besser:
1.Bessere Bauernstruktur.(schwäche b6 und e4) 2.Läuferpaarvorteil. 3.Bessere
Figurenanordnung. 4.Schwache 1 Grundreihe.} (22... Bf6 23. Bf3 (23. Rad1 Bxc3
24. Qxc3 Qxb6 25. Rxd6 Rxe4 26. Bf3 Re6 $17) (23. Bf5 g6 24. Bh3 Bxc3 $17)
23... Bxc3 24. Qxc3 (24. bxc3 f5 $17) 24... Qxb6 25. Rfe1 Re6 $17 {/\Rfe8})
1/2-1/2